| 000 | 00639nam a2200193 a 4500 | ||
|---|---|---|---|
| 001 | 2071 | ||
| 003 | CDMR | ||
| 005 | 20131003134642.0 | ||
| 008 | 130130s1967||||||||||||||||||||||||||||d | ||
| 040 |
_aCDMR _bcat _cCDMR |
||
| 100 | 1 |
_aCohen-Séat, Gilbert _91539 |
|
| 245 | 1 | 3 |
_aLa influencia del cine y de la televisión _cpor Gilbert Cohen-Séat y Pierre Fougeyrollas |
| 260 |
_aMéxico _c1967 _bFondo de Cultura Económica |
||
| 300 | _a169 p. | ||
| 490 | 0 |
_aBreviarios del Fondo de Cultura Económica _v189 |
|
| 650 | 0 | 4 |
_93479 _aCinematografia i televisió |
| 650 | 0 | 4 |
_93542 _aMitjans de comunicació de massa _xInfluència |
| 942 |
_cMON _2udc |
||
| 999 |
_c2071 _d2071 |
||